Paleoekológia tatranských jazier: pakomárovité (Diptera: Chironomidae), klimatické zmeny a acidifikácia : [vedecká monografia] /
Uložené v:
| Hlavný autor: | |
|---|---|
| Médium: | Kniha |
| Jazyk: | Slovak |
| Vydané: |
Zvolen :
Technická univerzita vo Zvolene,
2012.
|
| Vydanie: | 1. vydanie |
| Témy: | |
| ISBN: |
9788022823661 (brož.) |
| Fyzický popis: |
95 strán : fotografie, grafy, ilustrácie, mapa, tabuľky ; 25 cm. |
| Tagy: |
Pridať tag
Žiadne tagy, Buďte prvý kto otaguje tento záznam!
|
Titul je dostupný aj v ... 

MARC
| LEADER | 00000nam a22000003a 4500 | ||
|---|---|---|---|
| 001 | 000576921 | ||
| 005 | 20180625104735.0 | ||
| 008 | 121005s2012 xo adloe 000 0 slo d | ||
| 020 | |a 9788022823661 (brož.) | ||
| 040 | |a SVKKK |b slo |c SVKKK |e AACR2 | ||
| 041 | 0 | |a slo |b slo |b eng | |
| 043 | |a e-xo--- |a e-pl--- |a ec----- |a ee----- | ||
| 044 | |a xo |c SK | ||
| 072 | 7 | |a 59 |x Zoológia |2 konspekt | |
| 080 | |a 56:574 |2 2011 | ||
| 080 | |a 556.55 |2 2011 | ||
| 080 | |a 595.771 |2 2011 | ||
| 080 | |a 591.9 |2 2011 | ||
| 080 | |a 551.583 |2 2011 | ||
| 080 | |a (436.6) |2 2011 | ||
| 080 | |a (438) |2 2011 | ||
| 080 | |a (048.8) |2 2011 | ||
| 100 | 1 | |a Kubovčík, Vladimír, |d 1975- |4 aut | |
| 245 | 1 | 0 | |a Paleoekológia tatranských jazier: pakomárovité (Diptera: Chironomidae), klimatické zmeny a acidifikácia : |b [vedecká monografia] / |c Vladimír Kubovčík. |
| 250 | |a 1. vydanie | ||
| 260 | |a Zvolen : |b Technická univerzita vo Zvolene, |c 2012. | ||
| 300 | |a 95 strán : |b fotografie, grafy, ilustrácie, mapa, tabuľky ; |c 25 cm. | ||
| 366 | |e 100 výtlačkov | ||
| 504 | |a Bibliografia: s. 82-95 | ||
| 546 | |a Slovenský a anglický abstrakt | ||
| 650 | 0 | 7 | |a paleoekológia |2 SVKKKPH |
| 650 | 0 | 7 | |a jazerá |2 SVKKKPH |
| 650 | 0 | 7 | |a pakomárovité |2 SVKKKPH |
| 650 | 0 | 7 | |a fauna |2 SVKKKPH |
| 650 | 0 | 7 | |a klimatické zmeny |2 SVKKKPH |
| 651 | 7 | |a Vysoké Tatry (Poľsko a Slovensko : pohorie) |2 SVKKKPH | |
| 651 | 7 | |a Západné Karpaty |2 SVKKKPH | |
| 655 | 7 | |a monografie |2 SVKKKPH | |
| 910 | |a svkkk | ||
| 919 | |a 978-80-228-2366-1 | ||
| 998 | |a BK | ||
| 090 | |g SCKHL |k Sklad Hlavná 10 prízemie |a IV.232031 |j 1088192 |i 2720528793 |s Absenčne | ||